书目信息 |
| 题名: |
长征细节决定历史
|
|
| 作者: | 吴东峰 , 朱继红 编著 | |
| 分册: | ||
| 出版信息: | 北京 解放军文艺出版社 2006.08 |
|
| 页数: | 350页 | |
| 开本: | 21cm | |
| 丛书名: | ||
| 单 册: | ||
| 中图分类: | K264.406 | |
| 科图分类: | ||
| 主题词: | 二万五千里长征--er wan wu qian li chang zheng | |
| 电子资源: | ||
| ISBN: | 7-5033-1951-8 | |
| 000 | 00872nam0 2200241 450 | |
| 001 | 012007870207 | |
| 005 | 20070619154125.96 | |
| 010 | @a7-5033-1951-8@dCNY25.00 | |
| 100 | @a20070430d2006 km y0chiy0120 ea | |
| 101 | 0 | @achi |
| 102 | @aCN@b110000 | |
| 105 | @aa a 000yy | |
| 200 | 1 | @a长征细节决定历史@Achang zheng xi jie jue ding li shi@f吴东峰, 朱继红编著@Fwu dong feng,zhu ji hong bian zhu |
| 210 | @a北京@c解放军文艺出版社@d2006.08 | |
| 215 | @a350页@c图@d21cm | |
| 320 | @a有书目 (第348-350页)。 | |
| 330 | @a本书分人物、分歧、决策、谋略、地理等二十个部分,介绍了长征中的历史细节。细节是历史最丰富的表情,本书可以了解红军长征的更多细节。 | |
| 606 | 0 | @a二万五千里长征@Aer wan wu qian li chang zheng |
| 690 | @aK264.406@v4 | |
| 701 | 0 | @a吴东峰@Awu dong feng@4编著 |
| 701 | 0 | @a朱继红@Azhu ji hong@4编著 |
| 801 | 0 | @aCN@c20070619 |
| 905 | @dK264.406@eW761 | |
| 长征细节决定历史/吴东峰, 朱继红编著.-北京:解放军文艺出版社,2006.08 |
| 350页:图;21cm |
| ISBN 7-5033-1951-8:CNY25.00 |
| 本书分人物、分歧、决策、谋略、地理等二十个部分,介绍了长征中的历史细节。细节是历史最丰富的表情,本书可以了解红军长征的更多细节。 |
| ● |
| 相关链接 |
|
|
|
正题名:长征细节决定历史
索取号:K264.406/W761
 
预约/预借
| 序号 | 登录号 | 条形码 | 馆藏地/架位号 | 状态 | 备注 |
| 1 | 242494 | 202424947 | 社科库309/309社科库 36排2列5层/ [索取号:K264.406/W761] | 在馆 | |
| 2 | 242495 | 202424956 | 社科库309/309社科库 58排5列2层/ [索取号:K264.406/W761] | 在馆 | |
| 3 | 242496 | 202424965 | 社科库309/309社科库 36排2列5层/ [索取号:K264.406/W761] | 在馆 |